|
|
|
|
| LEADER |
00711nam a22002292a 4500 |
| 001 |
000543631 |
| 003 |
CZ BrMZK |
| 005 |
20130610140147.0 |
| 007 |
ta |
| 008 |
000105s1913 gw ger d |
| 040 |
|
|
|a BOA001
|b cze
|
| 100 |
0 |
|
|a Mojžíš,
|d činný 13. století př. Kr.
|7 ola2002113706
|
| 245 |
1 |
0 |
|a Worte Mosis /
|c herausgegeben von Hugo Bergmann
|
| 260 |
|
|
|a Minden (Westf.) :
|b J.C.C. Bruns,
|c [1913]
|
| 300 |
|
|
|a 225 s. ;
|c 8°
|
| 490 |
1 |
|
|a Die Weisheit der Völker
|
| 700 |
1 |
|
|a Bergmann, Hugo
|4 edt
|
| 830 |
|
0 |
|a Weisheit der Völker
|
| 910 |
|
|
|a BOA001
|b 1-0238.895
|
| 990 |
|
|
|a BK
|
| 993 |
|
|
|a Y
|
| 996 |
6 |
|
|b 2619721826
|c 1-0238.895
|l MZK
|r Sklad / do 1 hodiny
|n 1
|w 000543631
|u 000010
|a 1
|e BOA001
|j MZK50
|s P
|